| 000 | 004370000a22001810004500 | ||
|---|---|---|---|
| 003 | MACL | ||
| 005 | 20150913134047.0 | ||
| 008 | 150913b xxu||||| |||| 00| 0 eng d | ||
| 040 |
_aMACL _cMACL |
||
| 041 | _aEnglish | ||
| 082 | _a823/GON | ||
| 100 |
_aGondane, A.M. _910696 |
||
| 245 | _aThe Arrival | ||
| 260 |
_bAcademy of Fine arts And Literature _c2006 _aDelhi |
||
| 350 | _a650 | ||
| 650 |
_aFiction _910697 |
||
| 942 |
_cBK _k823 _2ddc |
||
| 999 |
_c2223 _d2223 |
||